• 首页
  • 本馆介绍
  • 公告通知
  • 最新文献
  • 馆藏检索
  • 电子资源
  • 读者导购
  • 参考咨询
  • 我的图书馆
  • 登录
  • 详细信息显示
  • 放入我的书架
  • 预约/预借图书
  • 作者相关作品
  • 分类相关作品
  • 丛书相关作品
  • 出版社相关作品

书目信息

  • 表格格式
  • 工作单格式
  • 卡片格式
题名:
揭秘与猜谜
    
 
作者: 公孙治 著
分册:  
出版信息: 北京   文化艺术出版社  2006
页数: 334页
开本: 23cm
丛书名:
单 册:
中图分类: I207.411-53
科图分类:
主题词: 《红楼梦》研究--文集
电子资源:
ISBN: 7-5039-2933-2
000 00846nam0 2200217 450
005 20061205142512.65
010    @a7-5039-2933-2@dCNY29.00
100    @a20060829d2006 ekmy0chiy0120 ea
101 0  @achi
102    @aCN@b110000
105    @ay z 000yy
200 1  @a揭秘与猜谜@AJie Mi Yu Cai Mi@e刘心武『秦学』透视@ELiu Xin Wu『 Qin Xue』 Tou Shi@f公孙治著@FGong Sun Zhi Zhu
210    @a北京@c文化艺术出版社@d2006
215    @a334页@d23cm
330    @a《红楼梦》是中国许多人所知道,……单是命意,就因读者的眼光而有种种:经学家看见《易》,道学家看见淫,才子看见缠绵,革命家看见排满,流言家看见宫闱秘事……
517 1  @a刘心武『秦学』透视@ALiu Xin Wu『 Qin Xue』 Tou Shi
606 0  @a《红楼梦》研究@x文集
690    @aI207.411-53@v4
701  0 @a公孙治@AGong Sun Zhi@4著
801  0 @aCN@b中图数据@c20061205
905    @a10447@dI207.411-53@e521
    
    揭秘与猜谜:刘心武『秦学』透视/公孙治著.-北京:文化艺术出版社,2006
    334页;23cm
    
    
    ISBN 7-5039-2933-2:CNY29.00
    《红楼梦》是中国许多人所知道,……单是命意,就因读者的眼光而有种种:经学家看见《易》,道学家看见淫,才子看见缠绵,革命家看见排满,流言家看见宫闱秘事……
●
相关链接 在E读中查询图书 在五车中查询图书 在当当中查询图书 在豆瓣中查询图书


正题名:揭秘与猜谜     索取号:I207.411-53/521         预约/预借

序号 登录号 条形码 馆藏地/架位号 状态 备注
1 0613313   206133138   第一样本阅览室/ [索取号:I207.411-53/521] 在馆    
2 0613314   206133147   第二借阅区/ [索取号:I207.411-53/521] 在馆    
3 0613315   206133156   第二借阅区/ [索取号:I207.411-53/521] 在馆    
4 0613316   206133165   第二借阅区/ [索取号:I207.411-53/521] 在馆    
5 0613317   206133174   第二借阅区/ [索取号:I207.411-53/521] 在馆    
唐山师范学院图书馆 欢迎您!
大连网信软件有限公司© 版权所有